Modern social imaginaries / (Record no. 37924)

MARC details
000 -LEADER
fixed length control field 00681nam a22001937a 4500
005 - DATE AND TIME OF LATEST TRANSACTION
control field 20100727141112.0
010 ## - LCCN (DPL NO)
LC control number ENG-97133
020 ## - INTERNATIONAL STANDARD BOOK NUMBER
International Standard Book Number 9788189524425
Terms of availability 30.00
035 ## - SYSTEM CONTROL NUMBER
System control number EN-80666
037 ## - SOURCE OF ACQUISITION
Source of stock number/acquisition DBAD/PUB
082 ## - DEWEY DECIMAL CLASSIFICATION NUMBER
Classification number 300.1
100 ## - MAIN ENTRY--PERSONAL NAME
Personal name Taylor, Charles
245 ## - TITLE STATEMENT
Title Modern social imaginaries /
Statement of responsibility, etc by Charles Taylor
260 ## - PUBLICATION, DISTRIBUTION, ETC. (IMPRINT)
Place of publication, distribution, etc New Delhi
Name of publisher, distributor, etc Critical Quest
Date of publication, distribution, etc 2009
270 ## - ADDRESS
Address 420, G-Block, Phase VI, Aya Nagar
City New Delhi
Postal code 110047
300 ## - PHYSICAL DESCRIPTION
Extent 40p.
Dimensions 22cm (pbk)
942 ## - ADDED ENTRY ELEMENTS (KOHA)
Source of classification or shelving scheme Dewey Decimal Classification
Item type English Books
Classification part 300.1
Call number suffix TAY
Holdings
Withdrawn status Lost status Not for loan Collection code Home library Current library Date acquired Source of acquisition Cost, normal purchase price Full call number Barcode Copy number Cost, replacement price Koha item type
    Not For Loan Non-fiction D.B.Act.Division D.B.Act.Division 27/07/2010 DBAD/PUB 30.00 300.1 TAY EN-80666 1 30.00 English Books

© Delhi Public Library
Hit Counter
free hit counter